Los detectives salvajes

Guardat en:
Dades bibliogràfiques
Autor principal: Bolaño, Roberto (Autor)
Format: Llibre
Idioma:espanyol
Publicat: Barcelona Anagrama 2004
Edició:6a. ed
Col·lecció:Narrativas Hispánicas, 256
Matèries:
Etiquetes: Afegir etiqueta
Sense etiquetes, Sigues el primer a etiquetar aquest registre!

MARC

LEADER 00000nam a2200000 a 4500
001 UCK6884
003 CL-VaPUC
008 051021e20040000SP |||||||||||||||||spa|d
020 |a 8433910868 
082 0 4 |a Ch863  |b BOL  |2 21 
100 0 |a Bolaño, Roberto  |e author  |9 496378 
245 1 4 |a Los detectives salvajes 
250 |a 6a. ed 
300 |a 609 p 
942 |c BK 
945 |d 20051021 00:00:00  |a cmena 
260 |a Barcelona  |b Anagrama  |c 2004 
650 0 |a Novelas chilenas   |9 265425 
650 0 |a Literatura chilena   |9 308278 
583 |a last modification  |c 20051021 00:00:00  |k Rodrigo Vera 
490 0 |a Narrativas Hispánicas, 256 
999 |c 315022  |d 315020 
952 |0 0  |1 0  |4 0  |6 CH_863_000000000000000_BOL_2004  |7 0  |8 A  |9 387918  |a BIBART  |b BIBART  |d 2019-11-22  |i 4149041  |l 2  |o Ch863 BOL 2004  |p 4149041  |r 2025-03-13  |s 2022-07-14  |w 2019-11-22  |y BK  |k ART